Towards a counter-culture: (Record no. 160434)

MARC details
000 -LEADER
fixed length control field 00471nam a22001697a 4500
005 - DATE AND TIME OF LATEST TRANSACTION
control field 20190129152106.0
010 ## - LCCN (DPL NO)
LC control number B-027358
020 ## - INTERNATIONAL STANDARD BOOK NUMBER
International Standard Book Number 8172145268
Terms of availability 65.00
035 ## - SYSTEM CONTROL NUMBER
System control number B-027358
037 ## - SOURCE OF ACQUISITION
Source of stock number/acquisition ISPCK, Delhi
082 ## - DEWEY DECIMAL CLASSIFICATION NUMBER
Classification number 306.1
100 ## - MAIN ENTRY--PERSONAL NAME
Personal name Jeyaseelan, L.
245 ## - TITLE STATEMENT
Title Towards a counter-culture:
Remainder of title sebastian kappen's contribution /
Statement of responsibility, etc L. Jeyaseelan
260 ## - PUBLICATION, DISTRIBUTION, ETC. (IMPRINT)
Place of publication, distribution, etc Delhi
Name of publisher, distributor, etc ISPCK
Date of publication, distribution, etc 1999
300 ## - PHYSICAL DESCRIPTION
Extent 112p.
Dimensions 22ccm(pbk)
942 ## - ADDED ENTRY ELEMENTS (KOHA)
Source of classification or shelving scheme Dewey Decimal Classification
Item type English Books
Classification part 306.1
Call number suffix JEY
Holdings
Withdrawn status Lost status Not for loan Collection code Home library Current library Date acquired Full call number Barcode Koha item type
      Non-fiction Sarojini Nagar Sarojini Nagar 29/01/2019 306.1 JEY B-027358 English Books

© Delhi Public Library
Hit Counter
free hit counter